SWOT analýza ekonomiky Európskej únie diplomová práca
Enregistré dans:
| Auteur principal: | |
|---|---|
| Collectivité auteur: | |
| Autres auteurs: | |
| Format: | Livre |
| Langue: | slovaque |
| Publié: |
Bratislava
2010
|
| Tags: |
Pas de tags, Soyez le premier à ajouter un tag!
|
MARC
| LEADER | 00000nam a2200000 4500 | ||
|---|---|---|---|
| 001 | 0121412 | ||
| 005 | 20240318123536.5 | ||
| 041 | 0 | |a slo | |
| 044 | |a SK | ||
| 245 | 1 | 0 | |a SWOT analýza ekonomiky Európskej únie |b diplomová práca |c Jana Franeková ; škol. Vladimír Hniličan |
| 264 | 1 | |a Bratislava |c 2010 | |
| 300 | |a 74 s. | ||
| 100 | 1 | |a Franeková, Jana | |
| 700 | 1 | |a Hniličan, Vladimír | |
| 710 | 2 | |a Fakulta medzinárodných vzťahov EU. Katedra medzinárodných ekonomických vzťahov a hospodárskej diplomacie | |